|
|
|
|
| LEADER |
01530nam a2200289 a 4500 |
| 001 |
2107789 |
| 008 |
111120r20081997enka b 001 0 eng d |
| 999 |
|
|
|c 11436
|d 11436
|
| 010 |
|
|
|a 96035169
|
| 020 |
|
|
|a 9780198236313
|
| 020 |
|
|
|a 019823631X (pbk. : acid-free paper)
|
| 020 |
|
|
|a 0198236328 (hardcover : acid-free paper)
|
| 040 |
|
|
|a DLC
|c DLC
|d DLC
|d BD-DhAAL
|
| 082 |
0 |
0 |
|a 418.00785
|2 23
|
| 100 |
1 |
|
|a Levy, Michael.
|9 32896
|
| 245 |
1 |
0 |
|a Computer-assisted language learning :
|b context and conceptualization /
|c Michael Levy.
|
| 260 |
|
|
|a Oxford :
|b Clarendon Press ;
|a New York :
|b Oxford University Press,
|c 1997.[Reprinted 2008]
|
| 300 |
|
|
|a xv, 298 p. :
|b ill. ;
|c 23 cm.
|
| 504 |
|
|
|a Includes bibliographical references (p. [257]-287) and indexes.
|
| 541 |
1 |
|
|e 00023816
|
| 650 |
|
0 |
|a Language and languages
|x Computer-assisted instruction.
|9 32897
|
| 852 |
1 |
|
|a Ayesha Abed Library
|j General shelf
|
| 856 |
4 |
2 |
|3 Publisher description
|u http://www.loc.gov/catdir/enhancements/fy0602/96035169-d.html
|
| 856 |
4 |
2 |
|3 Contributor biographical information
|u http://www.loc.gov/catdir/enhancements/fy0724/96035169-b.html
|
| 942 |
|
|
|2 ddc
|c BK
|
| 952 |
|
|
|0 0
|1 0
|4 0
|6 418_002850000000000_LEV
|7 0
|9 18589
|a BRACUL
|b BRACUL
|c GEN
|d 2011-11-20
|e Karim International
|g 3600.00
|l 10
|m 62
|o 418.00285 LEV
|p 3010023816
|r 2025-06-27
|s 2025-06-15
|t 1
|w 2011-11-21
|y BK
|
| 952 |
|
|
|0 0
|1 0
|4 0
|6 418_002850000000000_LEV
|7 0
|9 18590
|a BRACUL
|b BRACUL
|c GEN
|d 2011-11-20
|e Karim International
|g 3600.00
|l 8
|m 24
|o 418.00285 LEV
|p 3010023817
|r 2016-08-08
|s 2016-07-26
|t 2
|w 2011-11-21
|y BK
|